000
00218 a2200097 4500
001
15403
100
_a
Macmillam, Nor
245
_a
Tales of two air wars
260
_a
London
_b
G bell and sons
_c
090
_c
12029
_d
12029
942
_a
NUST-CAE
_c
M
_c
2258
999
_c
250476
_d
250476